Hodnocení účinků provozního zatížení a namáhaní na mostní konstrukce

Bibliographic Details
Main Author: Sláma, Josef (Author)
Format: Article
Language:Czech
PhysicalDescription:Tb. 2. Graf 1., lit. 7 zázn. v češ., angl.
Subjects:

MARC

LEADER 00000nab a2200000 a 4500
001 vtls000260695
003 SK-MaSNL
005 20260303195024.0
008 160204c1985 xo 0 cze
015 |a SNBRA19rr/mm-uuuuu 
035 |a CL0270809 
040 |a SNKBUCL  |b slo  |c SNKBUCL  |e AACR2 
041 0 |a cze 
044 |a xo  |c SK 
080 |a 624.21.042  |2 1981 
080 |a 624.042  |2 1981 
100 1 |a Sláma, Josef  |4 aut  |9 1123757 
245 1 0 |a Hodnocení účinků provozního zatížení a namáhaní na mostní konstrukce  |c Josef Sláma 
300 |b Tb. 2. Graf 1., lit. 7 zázn. v češ., angl. 
650 0 7 |a mosty  |2 snkbucl  |9 3015 
650 0 7 |a mostné konštrukcie  |2 snkbucl  |9 74313 
650 0 7 |a zaťaženie konštrukcií  |2 snkbucl  |9 69056 
655 7 |a články zo zborníkov  |2 snkbucl  |9 166140 
773 0 |t Diagnostika betónových konštrukcií  |d Bratislava : Dom techniky ČSVTS, 1985  |g S. 230-236 
850 |a Slovenská národná knižnica v Martine  |a MTA001 
852 |a SNK  |b KIS3GCP 
958 |a NB 
958 |a RK 
958 |a CZ 
992 |a RZB 
999 |c 2160582  |d 2162512